00972 2200301 4500001002100000005001500021035002500036008004100061020002200102040001700124082001600141084001800157100002200175245017300197250005600370260003000426300002700456500001100483504003600494650002000530700002400550700002200574850001200596041000800608990001800616990001800634990001800652INLIS00000000000571720190722095559 a0010-051500000000850150527r20102013yoi f 1 ind  a978-602-9255-26-3 aYOPDYOGbind04223a297.382 a297.382 SAB s0 aSabil El-Ma'rufie10aShalat dhuha :byang meluaskan rezeki, yang menghapuskan dosa-dosa, yang mengantarkan ke surga /cSabil El-Ma'rufie; penyunting , Yadi Saeful Hidayat, Ayatulla Khomeiny aEdisi terbaru, Cetakan I, Januari 213/Shafar 1434 H aBandung :bMizania,c2013 a150 halaman ;c; 19 cm aIndeks aBibliografi : halaman [139]-141 4aIbadah ( islam)0 aYadi Saeful Hidayat0 aAyatulla Khomeiny aYOPDYOG0 aind a13171-PD/B.15 a13170-PD/B.15 a13172-PD/B.15